000 00204 a2200097 4500
020 _a9780811862509
041 _aeng
100 _aAnnie Barrows
245 _aIvy Bean Break the Fossil Record
942 _cBK
999 _c29029
_d29027